| 000 | 03246nam a2200697 i 4500 | ||
|---|---|---|---|
| 001 | 35664 | ||
| 003 | ES-MaACL | ||
| 005 | 20250813063300.0 | ||
| 007 | t| | ||
| 008 | 030213m19781985ag ||||1| spa d | ||
| 100 | 1 |
_aBrecht, Bertolt, _d1898-1956 _931544 |
|
| 245 | 1 | 0 |
_aTeatro completo / _cBertolt Brecht. |
| 260 |
_aBuenos Aires : _bNueva Visión, _c[1978-1985] |
||
| 300 |
_a14 v. ; _c20 cm. |
||
| 490 | 1 | _aTeatro universal | |
| 505 | 0 | _a1. Schweyk en la Segunda Guerra Mundial. Galileo Galilei - 2. El círculo de tiza caucasiano. La excepción y la regla. El proceso de Lucullus - 3. Terror y miserias del Tercer Reich. Los fusiles de la madre Carrar. Los horacios y los curiacios - 4. El alma buena de Se-Chuan. Madre Coraje y sus hijos - 5. La ópera de dos centavos. Herr Puntila y su sirviente Matti - 6. Santa Juana de los mataderos. La resistible ascensión de Arturo Ui - 7. Un hombre es un hombre. El cachorro de elefante. Las visiones de Simone Machard - 8. La madre. Cabezas redondas y cabezas puntiagudas - 9. Los días de la Comuna. Apogeo y caída de la ciudad Mahagonny. El que dijo sí. El que dijo no -10. Tambores en la noche. En la espesura de las ciudades. Pieza didáctica de Baden-Baden - 11. Baal. El proceso de Juana de Arco. Don Juan -12. Bombos y platillos. La vida de Eduardo II de Inglaterra - 13. El preceptor. Antígona. Coriolano -14. La boda. El mendigo o El perro muerto. Lux in tenebris. La pesca. Dansen. ¿Cuánto cuesta el hierro? | |
| 740 | 0 | 2 | _aSchweyk en la Segunda Guerra Mundial. |
| 740 | 0 | 2 | _aGalileo Galilei. |
| 740 | 3 | 2 | _aEl círculo de tiza caucasiano. |
| 740 | 3 | 2 | _aLa excepción y la regla. |
| 740 | 3 | 2 | _aEl proceso de Lucullus. |
| 740 | 0 | 2 | _aTerror y miserias del Tercer Reich. |
| 740 | 4 | 2 | _aLos fusiles de la madre Carrar. |
| 740 | 4 | 2 | _aLos horacios y los curiacios. |
| 740 | 3 | 2 | _aEl alma buena de Se-Chuan. |
| 740 | 0 | 2 | _aMadre Coraje y sus hijos. |
| 740 | 3 | 2 | _aLa ópera de dos centavos. |
| 740 | 0 | 2 | _aHerr Puntila y su sirviente Matti. |
| 740 | 0 | 2 | _aSanta Juana de los mataderos. |
| 740 | 3 | 2 | _aLa resistible ascensión de Arturo Ui. |
| 740 | 3 | 2 | _aUn hombre es un hombre. |
| 740 | 3 | 2 | _aEl cachorro de elefante. |
| 740 | 4 | 2 | _aLas visiones de Simone Machard. |
| 740 | 3 | 2 | _aLa madre. |
| 740 | 0 | 2 | _aCabezas redondas y cabezas puntiagudas. |
| 740 | 4 | 2 | _aLos días de la Comuna. |
| 740 | 0 | 2 | _aApogeo y caída de la ciudad Mahagnny. |
| 740 | 0 | 2 | _aEl que dijo sí. |
| 740 | 0 | 2 | _aEl que dijo no. |
| 740 | 0 | 2 | _aTambores en la noche. |
| 740 | 0 | 2 | _aEn la espesura de las ciudades. |
| 740 | 0 | 2 | _aPieza didáctica de Baden-Baden. |
| 740 | 0 | 2 | _aBaal. |
| 740 | 3 | 2 | _aEl proceso de Juana de Arco. |
| 740 | 0 | 2 | _aDon Juan. |
| 740 | 0 | _aBombos y platillos. | |
| 740 | 3 | 2 | _aLa vida de Eduardo II de Inglaterra. |
| 740 | 3 | 2 | _aEl preceptor. |
| 740 | 0 | 2 | _aAntígona. |
| 740 | 0 | 2 | _aCoriolano. |
| 740 | 3 | 2 | _aLa boda. |
| 740 | 3 | 2 | _aEl mendigo o el perro muerto. |
| 740 | 0 | 2 | _aPara ahuyentar al demonio. |
| 740 | 0 | 2 | _aLux in tenebris. |
| 740 | 3 | 2 | _aLa pesca. |
| 740 | 0 | 2 | _aDansen. |
| 740 | 1 | 2 | _a¿Cuánto cuesta el hierro? |
| 830 | 1 |
_aTeatro universal _9182863 |
|
| 852 |
_aES-MaACL _jG-1027-40 |
||
| 999 |
_c35664 _d35664 |
||